=LDR 00000nam 2200000 4500 =001 INLIS000000000013276 =005 20130612104708 =008 ***********************************Ind** =035 ##$$a0010-061300000013276 =041 ##$$a Ind =082 ##$$a 636 =090 ##$$a 636, Asi m =100 ##$$a Asih, A. Rai Somaning =245 ##$$a Manajemen ternak perah, A.Rai Somaning Asih =260 ##$$a 2004 $b Mataram =300 ##$$a 207 hlm, 21 cm =650 ##$$a Manajemen ternak perah =850 ##$$a NBPNMAT =990 ##$$a 0001/BPAP-NTB/20142014